000 00351 a2200169 4500
001 73126
020 _a8516031306
040 _cAnchieta - Colégio São Paulo
100 _aMagnoli, Demétrio
240 1 0 _aGéia
_lpor
245 1 0 _aGéia
300 _a221
362 0 _a2003
440 1 _aModerna
650 4 _aGeografia e viagens
942 _cBK
999 _c73126
_d73126